00990nam a2200253 a 450000100100000000500170001000800410002702000150006804000250008308200200010810000370012824501040016526000400026930000310030950000480034065000520038865000420044065000290048270000390051170000420055004900090059295201180060199900170071900002188020200930011503.0100914s2005 dr c 000 0 spa d a9591009755 aDO-SdBNPbspacBNPHU a780.9208bA367p1 aAlemán, Ernesto,d1975-94541310aPor quien merece amor /cErnesto Alemán, Guillermo Alemán ; edición Nisleidys Flores Carmona. aLa Habana :bLetras Cubanas,c2005. a280 p. :bretrs. ;c19 cm. aIncluye índice alfabético de canciones. 4aRodríguez, silvio,d1946-xEntrevistas945414 4aMúsicos cubanosxEntrevistas945415 4aCanciones cubanas9454161 aAlemán, Guillermo,d1973-9454171 aFlores Carmona, Nisleidys,eed.92952 aBNPD 0010718PDaPDbPDcCTd2010-09-14iLF1l0o780.9208 A367pp21880-10r2020-06-25w2020-06-25yLFPDZNo se presta c21378d21378